000 00563cam a22002054a 4500
001 e 09000706
003 DLC
005 20260227111150.0
008 990602s1892 fr af 000 0 fre
010 _ae 09000706
040 _aDLC
_cDLC
042 _apcc
043 _ae-fr---
050 0 0 _aLF2395.R69
_bL93 1892
245 0 3 _aLe Lycée de Rouen :
_btexte /
_cpar R. Aube [́... et al.]
260 _aRouen :
_bE. Augé et Ch. Borel,
_c1892.
300 _a244 p. :
_bill. ;
_c22 cm.
610 2 0 _aLycée Corneille (Rouen, France)
700 1 _aAube,́ Raoul.
999 _c18800
_d18800